| 000 | 00468nam a22001577a 4500 | ||
|---|---|---|---|
| 008 | 230117b |||||||| |||| 00| 0 eng d | ||
| 020 | _a9789937593731 | ||
| 082 | _aN895.51408/K524s | ||
| 100 | _aKafle, Gandhi Raj. | ||
| 245 |
_aSabdako ainama mahabhukampa 2072. _b(nibandha sangraha). |
||
| 260 |
_aKathmandu: _bOriental Prakashan Griha, _c2073BS. |
||
| 300 | _bv, 121p. | ||
| 650 | _aNepali literature | ||
| 650 | _aNepali essay collection. | ||
| 942 |
_2ddc _cGEN |
||
| 999 |
_c106841 _d106829 |
||